Statistics for National Parks In Illinois & Indiana

Click here to take the quiz!

General Stats

  • This quiz has been taken 7 times
  • The average score is 2 of 5

Answer Stats

TypeAnswerState% Correct
NPIndiana DunesIN
100%
NMPullmanIL
60%
N MEMLincoln BoyhoodIN
40%
NHSLincoln HomeIL
40%
NHPGeorge Rogers ClarkIN
0%

Score Distribution

Percentile by Number Answered

Percent of People with Each Score

Your Score History

You have not taken this quiz